000 00715nam a22002297a 4500
005 20170124110027.0
010 _aA-258276
020 _a0340334290
_c00.00
035 _aA-258276
037 _bCen Lib/Ret
040 _aDPL
_bEN
082 _a523.1
_bMCA
100 _aMcaleer, Neil
_920965
245 _aThe cosmic mind-boggling book /
_cby Neil Mcaleer
260 _aLondon
_bHodder and Stoughton
_c1982
270 _aMill Raod, Dunton Green, Sevenoaks, Kent
_bLondon
300 _axv,207p. :
_c20cm(Hb)
_bill.
500 _aIncludes bibliographical references and index.
650 _aAstronomy -- Popular works
_940391
650 _aAstronomy
_972284
942 _2ddc
_cEN
_h523.1
_mMCA
999 _c127596
_d127596